Cómo hacer presentaciones eficaces (Registro nro. 6505)
[ vista simple ]
| 000 -Cabecera | |
|---|---|
| Campo de control de longitud fija | 00977atm a2200337 4500 |
| 005 - Fecha y hora de la última transacción | |
| Campo de control | 20251020141551.0 |
| 008 - Elementos de longitud fija--Información general | |
| Campo de control de longitud fija | 150727b2004 xxu||||| |||| 00| 0 spa d |
| 020 ## - International Standard Book Number | |
| Número Internacional Estándar del Libro (ISBN) | 8480883839 |
| 041 ## - Idioma | |
| Código de idioma | Español |
| 082 ## - Clasificación Decimal Dewey | |
| Número de clasificación | 302.224.2 C735c |
| 110 ## - Entrada principal--Autor corporativo | |
| Nombre de entidad corporativa | Manchester Open Learning |
| 245 ## - Título propiamente dicho | |
| Título | Cómo hacer presentaciones eficaces |
| 260 ## - Pie de imprenta | |
| Lugar de publicación, distribución, etc. | España |
| 260 ## - Pie de imprenta | |
| Nombre del editor, distribuidor, etc. | Gestion 2000 |
| 260 ## - Pie de imprenta | |
| Fecha de publicación, distribución, etc. | 2004 |
| 300 ## - Descripción física | |
| Extensión | 126 páginas |
| 490 ## - Serie | |
| Título de la Serie | Temática General |
| 650 ## - Materia general | |
| Temática (materia general) | COMUNICACIÓN ORAL |
| 650 ## - Materia general | |
| Temática (materia general) | PREPARACIÓN DE LA EXPOSICIÓN |
| 650 ## - Materia general | |
| Temática (materia general) | LENGUAJE Y ESTILO |
| 650 ## - Materia general | |
| Temática (materia general) | LOS DIFERENTES PÚBLICOS |
| 650 ## - Materia general | |
| Temática (materia general) | REDACCIÓN DEL GUIÓN Y NOTAS |
| 650 ## - Materia general | |
| Temática (materia general) | PRESENTACIÓN DE LA INFORMACIÓN VISUAL |
| 650 ## - Materia general | |
| Temática (materia general) | INFORMACIÓN ESTADÍSTICA |
| 650 ## - Materia general | |
| Temática (materia general) | MEDIOS AUDIOVISUALES |
| 650 ## - Materia general | |
| Temática (materia general) | EL DÍA DE LA PRESENTACIÓN |
| 650 ## - Materia general | |
| Temática (materia general) | LA EXPOSICIÓN |
| 650 ## - Materia general | |
| Temática (materia general) | USO DE LOS ELEMENTOS AUDIOVISUALES |
| 650 ## - Materia general | |
| Temática (materia general) | CIERRE DE LA PRESENTACIÓN |
| 942 ## - Punto de acceso adicional KOHA | |
| Tipo de ítem KOHA | Libro |
| Fuente del sistema de clasificación o colocación | Dewey Decimal Classification |
| Signatura completa | Código de barras | Programa Académico | Tipo de ítem |
|---|---|---|---|
| 302.224.2 C735c | 11742 | Temática General | Libro |
| 302.224.2 C735c | 11881 | Temática General | Libro |
| 302.224.2 C735c | 12858 | Temática General | Libro |